000 00278nam a2200121Ia 4500
100 _aVIDVANS M.S.
942 _cBK
366 _f50
245 _aRAMABAI RANADE VYKTITVA AND KARTUTVA
260 _bRAJYA MARATHI VIKAS SANSTHA
_aMumbai
_c2001
300 _a170
546 _aMARATHI
999 _c19191
_d19191